Statistics for 1969 Most Popular S Girl Names

Click here to take the quiz!

General Stats

  • This quiz has been taken 332 times
  • The average score is 20 of 47

Answer Stats

1969 S Girls:% Correct
Sarah | Sara
94%
Shawn
94%
Samantha
87%
Susan
87%
Sally | Sallie
85%
Sandra
83%
Sophia | Sofia
76%
Stephanie | Stephenie
75%
Susanna | Susana | Suzanna | Susannah | Suzan
74%
Sharon | Sharron
72%
Sandy | Sandi
69%
Stella
62%
Sheila | Shiela
60%
Selena | Selina
59%
Sonya | Sonia | Sonja
56%
Stacey | Stacy | Stacie | Staci
56%
Sylvia | Silvia
56%
Shelly | Shelley | Shellie | Shelli
54%
Serena
53%
Sherry | Sherri | Sheri | Sherrie | Sheree | Sherie
53%
Susie
50%
Shannon | Shannan | Shanon
49%
Sabrina
47%
Shawna | Shauna | Shonna | Shona
47%
Shirley
47%
Sue
45%
Simone
41%
Suzanne | Susanne
34%
Shanna
33%
Shelby
32%
Sheryl
27%
Shana
26%
Sondra | Saundra
21%
Shari
18%
Suzette
17%
Shani
16%
Sharlene
13%
Shonda
11%
Sharla
9%
Starla
8%
Scott
6%
Steven
6%
Stefanie
5%
Shelia
4%
Stacia
4%
Shanda
1%
Sharonda
1%

Score Distribution

Percentile by Number Answered

Percent of People with Each Score

Your Score History

You have not taken this quiz